Alle Elemente mit M - Statistiken

Allgemein
  • Dieses Quiz wurde 71 mal gespielt
  • Das Durchschnittsergebnis liegt bei 4 aus 6
Antwortstatistiken
Hint Antwort % Korrekt
1 Magnesium
93%
2 Mangan
91%
5 Molybdän
70%
3 Meitnerium
56%
4 Mendelevium
50%
6 Moscovium
37%
Keine übereinstimmenden Quizze gefunden
Verteilung der Resultate
Anzahl Personen mit jedem Resultat
Perzentil nach korrekt beantworteten Fragen
Ihre Resultats-Entwicklung
Sie haben dieses Quiz noch nicht gespielt